| Tag |
First Indicator |
Second Indicator |
Subfields |
| LEADER |
00000pam a2200000 4500 |
| 001 |
in00000293113 |
| 005 |
20151010082851.0 |
| 008 |
731116s1974 nyua b 00110 eng |
| 010 |
|
|
|a 73008583
|
| 020 |
|
|
|a 0023518103
|
| 035 |
|
|
|a (OCoLC)00754378
|
| 035 |
|
|
|9 ABF9462AM
|
| 040 |
|
|
|a DLC
|c DLC
|d TXA
|d UtOrBLW
|
| 043 |
|
|
|a n-us---
|
| 049 |
|
|
|a TXAM
|c 1 [1135056]
|c 2 [1371517]
|
| 050 |
0 |
0 |
|a S938
|b .H38
|
| 082 |
0 |
|
|a 333.7/7/0973
|
| 100 |
1 |
|
|a Havlick, Spenser W.
|
| 245 |
1 |
4 |
|a The urban organism ;
|b the city's natural resources from an environmental perspective /
|c [by] Spenser W. Havlick.
|
| 264 |
|
1 |
|a New York :
|b Macmillan,
|c [1974]
|
| 300 |
|
|
|a x, 515 pages :
|b illustrations ;
|c 25 cm.
|
| 336 |
|
|
|a text
|b txt
|2 rdacontent
|
| 337 |
|
|
|a unmediated
|b n
|2 rdamedia
|
| 338 |
|
|
|a volume
|b nc
|2 rdacarrier
|
| 504 |
|
|
|a Bibliography: pages 493-500.
|
| 650 |
|
0 |
|a Conservation of natural resources
|z United States.
|
| 650 |
|
0 |
|a Cities and towns
|z United States.
|
| 999 |
|
|
|a MARS
|
| 999 |
f |
f |
|s 78c3d723-555d-364c-abe8-ebba6ed69771
|i 3854eefe-61cb-3110-af8a-69d299cf0fa5
|t 0
|
| 952 |
f |
f |
|p ric
|a Texas A&M University
|b Rellis Campus
|c Joint Library Facility
|d Remote Storage
|t 0
|e S938 .H38
|h Library of Congress classification
|i unmediated -- volume
|m A14805189660
|
| 952 |
f |
f |
|p normal
|a Texas A&M University
|b College Station
|c Sterling C. Evans Library
|d Evans: Library Stacks
|t 0
|e S938 .H38
|h Library of Congress classification
|i unmediated -- volume
|m A14805189678
|
| 998 |
f |
f |
|a S938 .H38
|t 0
|l Remote Storage
|
| 998 |
f |
f |
|a S938 .H38
|t 0
|l Evans: Library Stacks
|